80 दिनों में पृथ्वी परिक्रमा / (Record no. 116945)

MARC details
000 -LEADER
fixed length control field 01294nam a22002777a 4500
005 - DATE AND TIME OF LATEST TRANSACTION
control field 20170124103047.0
010 ## - LIBRARY OF CONGRESS CONTROL NUMBER
LC control number B-158176
020 ## - INTERNATIONAL STANDARD BOOK NUMBER
Terms of availability 175.00
International Standard Book Number 818847309
035 ## - SYSTEM CONTROL NUMBER
System control number B-158176
037 ## - SOURCE OF ACQUISITION
Source of stock number/acquisition Cen Lib/Ret
040 ## - CATALOGING SOURCE
Original cataloging agency DPL
Language of cataloging HN
082 ## - DEWEY DECIMAL CLASSIFICATION NUMBER
Classification number
Item number बर्नजू
100 ## - MAIN ENTRY--PERSONAL NAME
Personal name बर्न, जूले
9 (RLIN) 69160
245 ## - TITLE STATEMENT
Title 80 दिनों में पृथ्वी परिक्रमा /
Statement of responsibility, etc बर्न जूले; संपादक भारत यायावर; अनुवादक अशोक कुमार
246 ## - VARYING FORM OF TITLE
Title proper/short title 80 dino me prithvi parikrma /
Remainder of title by Burne Jule; sampadak Bharat Yayavar; anuvadak Ashok Kumar
260 ## - PUBLICATION, DISTRIBUTION, ETC. (IMPRINT)
Place of publication, distribution, etc नयी दिल्ली
Name of publisher, distributor, etc अरुणोदय प्रकाशन
Date of publication, distribution, etc 2003
270 ## - ADDRESS
Address 21-ए, दरियागंज
City नयी दिल्ली
Postal code 110002
300 ## - PHYSICAL DESCRIPTION
Extent 192पृ. :
Dimensions 20सेमी(सजिल्द)
Other physical details सचित्र
650 ## - SUBJECT ADDED ENTRY--TOPICAL TERM
Topical term or geographic name as entry element हिन्दी साहित्य
9 (RLIN) 69161
650 ## - SUBJECT ADDED ENTRY--TOPICAL TERM
Topical term or geographic name as entry element हिन्दी -- उपन्यास
9 (RLIN) 69162
650 ## - SUBJECT ADDED ENTRY--TOPICAL TERM
Topical term or geographic name as entry element Hindi literature
9 (RLIN) 69163
650 ## - SUBJECT ADDED ENTRY--TOPICAL TERM
Topical term or geographic name as entry element Hindi -- Fiction
9 (RLIN) 27248
700 ## - ADDED ENTRY--PERSONAL NAME
Personal name यायावर, भारत
9 (RLIN) 69164
700 ## - ADDED ENTRY--PERSONAL NAME
Personal name अशोक कुमार
9 (RLIN) 69165
942 ## - ADDED ENTRY ELEMENTS (KOHA)
Source of classification or shelving scheme Dewey Decimal Classification
Koha item type Hindi Books
Classification part
Call number suffix बर्नजू
Holdings
Withdrawn status Lost status Damaged status Not for loan Home library Current library Date acquired Source of acquisition Cost, normal purchase price Total Checkouts Total Renewals Full call number Barcode Date last seen Date checked out Copy number Cost, replacement price Price effective from Koha item type
        Central Library Central Library 26/08/2015 Cen Lib/Ret 175.00 5 2 उ बर्नजू B-158176 15/03/2018 15/02/2018 1 175.00 26/08/2015 Hindi Books

© Delhi Public Library
Hit Counter
free hit counter